Home Print Resources E-Books E-Journals IIMT Lecture Series Library Membership Form Book Recommendation Form Campus Tour Take AdmissionAbout Us Contact Us

Hygiene and health (Record no. 7268)

000 -LEADER
fixed length control field 00343nam a2200157Ia 4500
003 - CONTROL NUMBER IDENTIFIER
control field OSt
005 - DATE AND TIME OF LATEST TRANSACTION
control field 20231211060627.0
008 - FIXED-LENGTH DATA ELEMENTS--GENERAL INFORMATION
fixed length control field 170524s9999 xx 000 0 und d
020 ## - INTERNATIONAL STANDARD BOOK NUMBER
International Standard Book Number 81-261-2316-8
040 ## - CATALOGING SOURCE
Transcribing agency iimt
100 ## - MAIN ENTRY--PERSONAL NAME
Personal name Ahmed-M.N.
245 #0 - TITLE STATEMENT
Title Hygiene and health
260 ## - PUBLICATION, DISTRIBUTION, ETC.
Name of publisher, distributor, etc. Anmol publication
260 ## - PUBLICATION, DISTRIBUTION, ETC.
Date of publication, distribution, etc. 2005
942 ## - ADDED ENTRY ELEMENTS (KOHA)
Source of classification or shelving scheme
Koha item type Book Bank
Holdings
Withdrawn status Lost status Source of classification or shelving scheme Damaged status Not for loan Home library Current library Date acquired Coded location qualifier Barcode Date last seen Uniform Resource Identifier Price effective from Koha item type Public note Total Checkouts Date last checked out
          IIMT University Central Library Meerut IIMT University Central Library Meerut 05/31/2017 Department 01-B-77157 05/31/2017 hotel management 05/31/2017 Book Bank / Loan Books Central Library to Hotel Management Departmental Library    
          IIMT University Central Library Meerut IIMT University Central Library Meerut 05/31/2017   01-B-77158 05/31/2017 hotel management 05/31/2017 Book Bank      
          IIMT University Central Library Meerut IIMT University Central Library Meerut 05/31/2017   01-B-77159 07/13/2024 hotel management 05/31/2017 Book Bank   1 05/28/2024
          IIMT University Central Library Meerut IIMT University Central Library Meerut 05/31/2017   01-B-77160 11/10/2017 hotel management 05/31/2017 Book Bank   1 11/10/2017
          IIMT University Central Library Meerut IIMT University Central Library Meerut 05/31/2017   01-B-77161 05/31/2017 hotel management 05/31/2017 Book Bank      
          IIMT University Central Library Meerut IIMT University Central Library Meerut 05/31/2017   01-B-77176 05/31/2017 hotel management 05/31/2017 Book Bank      
IIMT, Central Library. All Rights Reserved IIMT,UNIVERSITY © 2023
Implemented and Customised by I CLOUDE EMS
You Are OPAC Visitor No
free web counter

Powered by Koha